[Event "C.to Provinciale TO"]
[Site "Torino ITA"]
[Date "2010.02.16"]
[Round "2"]
[White "Stroppa, Daniel"]
[Black "Di Chiara, Mauro"]
[Result "1-0"]
[WhiteElo "2210"]
[BlackElo "1870"]
[PlyCount "37"]
[EventDate "2010.02.09"]

1. e4 d6 2. d4 Nf6 3. Nc3 g6 4. Be3 Bg7 5. Qd2 O-O 6. O-O-O Nbd7 7. Bh6 Bxh6 8.
Qxh6 c5 9. dxc5 Nxc5 10. f3 Be6 11. e5 Ne8 12. h4 Ng7 13. g4 Nd7 14. Nh3 Re8
15. Ng5 Nf8 16. h5 gxh5 17. Bd3 f5 18. Nxe6 Ngxe6 19. gxf5 1-0

[Event "C.to Provinciale TO"]
[Site "Torino ITA"]
[Date "2010.02.23"]
[Round "3"]
[White "Arena, Marco"]
[Black "Cagno, Alberto"]
[Result "1-0"]
[WhiteElo "1566"]
[BlackElo "1431"]
[PlyCount "71"]
[EventDate "2010.02.09"]

1. e4 Nf6 2. e5 Nd5 3. d4 d6 4. c4 Nb6 5. exd6 exd6 6. Nc3 Be7 7. Be3 O-O 8.
Bd3 Nc6 9. a3 Bg5 10. Qh5 Bh6 11. Bxh6 g6 12. Qd1 Re8+ 13. Nge2 Nxd4 14. Be3
Nf5 15. Bxf5 Bxf5 16. Bxb6 axb6 17. O-O Ra5 18. Nd4 Bd7 19. b4 Rg5 20. Qf3 c6
21. Rfe1 Bg4 22. Rxe8+ Qxe8 23. Qf4 Re5 24. Qd2 Qe7 25. h3 Bd7 26. Nf3 Rf5 27.
Re1 Qf6 28. Ne4 Qe6 29. Nxd6 Qf6 30. Nxf5 Qxf5 31. Re5 Qb1+ 32. Qe1 Qc2 33. Re7
Be6 34. Nd4 Qxc4 35. Nxe6 fxe6 36. Qxe6+ 1-0

[Event "C.to Provinciale TO"]
[Site "Torino ITA"]
[Date "2010.02.23"]
[Round "3"]
[White "Baruffa, Marino"]
[Black "Calderone, Luigi"]
[Result "0-1"]
[WhiteElo "1834"]
[BlackElo "1700"]
[PlyCount "48"]
[EventDate "2010.02.09"]

1. e4 e5 2. Nf3 Nc6 3. Bc4 Bc5 4. c3 Nf6 5. d4 exd4 6. e5 Ne4 7. Qe2 d5 8. exd6
O-O 9. dxc7 Qd7 10. O-O Nd6 11. cxd4 Nxd4 12. Nxd4 Bxd4 13. Rd1 Nxc4 14. Kf1
Qxc7 15. Rxd4 Qxh2 16. Qxc4 Qh1+ 17. Ke2 Be6 18. Qc2 Rac8 19. Nc3 Qh5+ 20. f3
Qh1 21. Kf2 Bh3 22. Kg3 Be6 23. Rh4 Qe1+ 24. Kh2 Qxh4+ 0-1

[Event "C.to Provinciale TO"]
[Site "Torino ITA"]
[Date "2010.02.23"]
[Round "3"]
[White "Blanc, Pierre"]
[Black "Stroppa, Daniel"]
[Result "0-1"]
[WhiteElo "1928"]
[BlackElo "2210"]
[PlyCount "100"]
[EventDate "2010.02.09"]

1. e4 d6 2. d4 Nf6 3. Nc3 g6 4. Nf3 Bg7 5. Be2 O-O 6. O-O Bg4 7. Be3 Nc6 8. Qd2
e5 9. dxe5 dxe5 10. Rad1 Qc8 11. Qc1 Rd8 12. Rxd8+ Nxd8 13. h3 Bxf3 14. Bxf3
Ne6 15. Nd5 Nxd5 16. exd5 Nd4 17. Bxd4 exd4 18. Re1 Qd7 19. Qf4 Re8 20. Rxe8+
Qxe8 21. Qe4 Qxe4 22. Bxe4 f5 23. Bd3 Kf7 24. Kf1 Ke7 25. Ke2 Kd6 26. Bc4 d3+
27. Kxd3 Bxb2 28. a4 Ba3 29. Ke3 Bc5+ 30. Kf3 Ke5 31. h4 Kd4 32. Bb3 Bd6 33. g3
h6 34. Ke2 Ke4 35. f3+ Kd4 36. Kf2 f4 37. g4 Kc3 38. h5 gxh5 39. gxh5 Kd2 40.
Kg2 Ke3 41. Ba2 a5 42. Bb3 Be7 43. Ba2 b5 44. axb5 a4 45. Kf1 Kxf3 46. d6 Bxd6
47. Bd5+ Ke3 48. Ke1 Bb4+ 49. Kf1 Kd4 50. Bf7 Kc3 0-1

[Event "C.to Provinciale TO"]
[Site "Torino ITA"]
[Date "2010.02.23"]
[Round "3"]
[White "Blundo, Michele"]
[Black "Gatti, Franco"]
[Result "1/2-1/2"]
[WhiteElo "1763"]
[BlackElo "1586"]
[PlyCount "94"]
[EventDate "2010.02.09"]

1. d4 Nf6 2. c4 g6 3. Nc3 Bg7 4. Nf3 d5 5. cxd5 Nxd5 6. e4 Nb6 7. Be2 O-O 8.
O-O Nc6 9. Be3 Re8 10. Qd2 Na5 11. b3 Nc6 12. Rfd1 a5 13. Rac1 Bd7 14. Bg5 Bh8
15. Qf4 e5 16. dxe5 Nxe5 17. Nb5 Nxf3+ 18. Bxf3 Be5 19. Qe3 Qb8 20. Nc3 Bc6 21.
Bf4 Bg7 22. Be2 Re7 23. Qg3 Ra7 24. Nb5 Bxb5 25. Bxb5 Na8 26. Qd3 Be5 27. Bh6
c6 28. Qd8+ Re8 29. Qxb8 Rxb8 30. Be3 b6 31. Bxc6 Rc7 32. Bd5 Rxc1 33. Rxc1 b5
34. Bxa8 Rxa8 35. Rc5 Rd8 36. f4 Bd4 37. Bxd4 Rxd4 38. Rxb5 Rd1+ 39. Kf2 Rd2+
40. Kf3 Rxa2 41. e5 Rb2 42. Rxa5 Rxb3+ 43. Kg4 Rb2 44. Kh3 Rb6 45. g4 h6 46.
Kg3 Rb3+ 47. Kf2 Rb2+ 1/2-1/2

[Event "C.to Provinciale TO"]
[Site "Torino ITA"]
[Date "2010.02.23"]
[Round "3"]
[White "Di Chiara, Mauro"]
[Black "Avetta, Roberto"]
[Result "1-0"]
[WhiteElo "1870"]
[BlackElo "1711"]
[PlyCount "71"]
[EventDate "2010.02.09"]

1. d4 d6 2. Nf3 Nf6 3. c4 Nbd7 4. Nc3 c6 5. e4 e5 6. d5 Be7 7. Be2 Qc7 8. O-O
a6 9. h3 O-O 10. Be3 c5 11. Ne1 Rb8 12. a4 b6 13. Nd3 Bb7 14. f4 Rfe8 15. fxe5
Nxe5 16. Nxe5 dxe5 17. Qd2 Nd7 18. Rad1 Bd6 19. Qe1 Re7 20. Qg3 Rf8 21. Bh6 f6
22. Rd3 Kh8 23. Bd2 f5 24. Bg4 fxg4 25. Rxf8+ Nxf8 26. Qxg4 Bc8 27. Rf3 Ng6 28.
Qg5 Re8 29. Ne2 Rf8 30. Rxf8+ Nxf8 31. Ng3 Be7 32. Qh5 g6 33. Qf3 Bd6 34. Bh6
Qe7 35. h4 Qe8 36. Qf6+ 1-0

[Event "C.to Provinciale TO"]
[Site "Torino ITA"]
[Date "2010.02.23"]
[Round "3"]
[White "Fassio, Francesco"]
[Black "Angioni, Gian Carlo"]
[Result "1-0"]
[WhiteElo "1646"]
[BlackElo "1841"]
[PlyCount "133"]
[EventDate "2010.02.09"]

1. c4 c5 2. Nc3 Nc6 3. g3 g6 4. Bg2 Bg7 5. Nf3 e6 6. e3 Nge7 7. d4 cxd4 8. exd4
d5 9. cxd5 Nxd5 10. O-O O-O 11. Nxd5 exd5 12. Be3 Qb6 13. Qd2 Re8 14. h3 Bf5
15. Rfd1 Rac8 16. Nh4 Be6 17. Rac1 Nb4 18. b3 Nc6 19. Kh2 Bf8 20. Qb2 Bd6 21.
Nf3 Qd8 22. Ne5 Qe7 23. Nxc6 bxc6 24. Qe2 Bf5 25. Qa6 Qc7 26. Re1 Be4 27. Bd2
f5 28. Ba5 Qb8 29. Rxc6 Rxc6 30. Qxc6 f4 31. Bxe4 fxg3+ 32. Kg2 dxe4 33. Rxe4
Rxe4 34. Qxe4 gxf2 35. Kxf2 Bg3+ 36. Kg2 Bd6 37. Qe6+ Kg7 38. d5 Qf8 39. Bc3+
Kh6 40. Bd2+ Kg7 41. Qd7+ Qe7 42. Qxe7+ Bxe7 43. Kf3 Kf6 44. Ke4 Bc5 45. b4 Bd6
46. a3 a6 47. Be3 Bg3 48. a4 Ke7 49. b5 axb5 50. axb5 Kd7 51. Bf4 Bf2 52. Be3
Bg3 53. Bc5 Bb8 54. b6 Bg3 55. Kd3 h5 56. Kc4 g5 57. Kb5 g4 58. hxg4 h4 59. g5
h3 60. g6 Be5 61. Bg1 Kc8 62. Kc6 Kd8 63. b7 Ke7 64. Bc5+ Kf6 65. Bg1 Kxg6 66.
d6 Kf6 67. b8=Q 1-0

[Event "C.to Provinciale TO"]
[Site "Torino ITA"]
[Date "2010.02.23"]
[Round "3"]
[White "Gussone, Claudio"]
[Black "Cavezzana, Davide"]
[Result "0-1"]
[WhiteElo "1805"]
[BlackElo "1768"]
[PlyCount "88"]
[EventDate "2010.02.09"]

1. e4 e5 2. Nf3 Nf6 3. d3 d5 4. exd5 Qxd5 5. Qe2 Bb4+ 6. c3 Bd6 7. g3 O-O 8.
Bg2 Re8 9. O-O e4 10. Ng5 Qxd3 11. Qxd3 exd3 12. h3 Nc6 13. Nd2 Bf5 14. Nc4 Bc5
15. Bf4 h6 16. Nf3 Re7 17. b4 Bb6 18. Nxb6 axb6 19. Rad1 Ra3 20. b5 Na5 21. Be5
Nd5 22. Rc1 Nc4 23. Bd4 Re2 24. Nd2 Nxd2 25. Bxd5 Be4 26. Bxe4 Nxe4 27. Rcd1
Nxc3 28. Rxd3 Nxb5 29. Rxa3 Nxa3 30. Rc1 c5 31. Be3 Rxa2 32. Rd1 Nc4 33. Rd8+
Kh7 34. Rd7 Nxe3 35. fxe3 Kg6 36. Rxb7 Rb2 37. Rc7 Kf6 38. g4 Rd2 39. Rb7 Rd6
40. Kf2 c4 41. Rc7 b5 42. Rc5 Rb6 43. e4 b4 44. Rxc4 b3 0-1

[Event "C.to Provinciale TO"]
[Site "Torino ITA"]
[Date "2010.02.23"]
[Round "3"]
[White "Iacomussi, Mario"]
[Black "Boetto, Massimo"]
[Result "1-0"]
[WhiteElo "1760"]
[BlackElo "2010"]
[PlyCount "63"]
[EventDate "2010.02.09"]

1. c4 e5 2. Nc3 Nc6 3. e4 Bc5 4. Nf3 d6 5. d3 h6 6. Be2 a6 7. a3 Nf6 8. Nd5 Bg4
9. O-O Bxf3 10. Bxf3 Nd4 11. b4 Ba7 12. Be3 c6 13. Bxd4 Bxd4 14. Nxf6+ Qxf6 15.
Ra2 h5 16. g3 h4 17. Kg2 g5 18. Bg4 Ke7 19. a4 Qh6 20. h3 Qf6 21. Qd2 Qg6 22.
f4 hxg3 23. fxg5 Bf2 24. b5 axb5 25. cxb5 cxb5 26. axb5 Rxa2 27. Qxa2 Qxg5 28.
Qc2 Bc5 29. d4 exd4 30. Qc4 Qg7 31. Qd5 b6 32. Qb7+ 1-0

[Event "C.to Provinciale TO"]
[Site "Torino ITA"]
[Date "2010.02.23"]
[Round "3"]
[White "Levi, Aldo"]
[Black "Termini, Luigi Robert"]
[Result "0-1"]
[WhiteElo "1344"]
[BlackElo "1703"]
[PlyCount "30"]
[EventDate "2010.02.09"]

1. e4 c5 2. Nf3 Nc6 3. Nc3 e6 4. Bc4 a6 5. a4 Nf6 6. d4 d5 7. exd5 exd5 8. Ba2
c4 9. O-O Be7 10. Bg5 O-O 11. Re1 Be6 12. h3 Qd6 13. Ne5 Rac8 14. Nxc6 Rxc6 15.
b3 cxb3 0-1

[Event "C.to Provinciale TO"]
[Site "Torino ITA"]
[Date "2010.02.23"]
[Round "3"]
[White "Manni, Stefano"]
[Black "Longo, Enrico"]
[Result "1/2-1/2"]
[WhiteElo "1962"]
[BlackElo "1913"]
[PlyCount "58"]
[EventDate "2010.02.09"]

1. e4 c5 2. c3 e6 3. d4 cxd4 4. cxd4 Nc6 5. Nf3 Nf6 6. e5 Nd5 7. a3 Be7 8. Bd3
d6 9. O-O Qb6 10. Nbd2 dxe5 11. dxe5 Ne3 12. Nc4 Nxc4 13. Bxc4 Qc5 14. Qe2 Qb6
15. Qe4 Bd7 16. b4 Rd8 17. Qg4 g6 18. Bh6 Bf8 19. Bxf8 Rxf8 20. Qf4 h5 21. Rac1
Bc8 22. Ng5 Qd4 23. Qxd4 Rxd4 24. Bb5 Bd7 25. Nh7 Rh8 26. Nf6+ Ke7 27. Nxd7
Kxd7 28. Bxc6+ bxc6 29. Rc5 Rd5 1/2-1/2

[Event "C.to Provinciale TO"]
[Site "Torino ITA"]
[Date "2010.02.23"]
[Round "3"]
[White "Marvin, Elio"]
[Black "Riccardi, Mauro"]
[Result "0-1"]
[WhiteElo "1714"]
[BlackElo "1818"]
[PlyCount "108"]
[EventDate "2010.02.09"]

1. e4 c5 2. c4 e6 3. Nc3 Nc6 4. Nf3 d6 5. d3 Nge7 6. Be2 g6 7. O-O Bg7 8. Be3
O-O 9. Qd2 f5 10. Bh6 e5 11. Bxg7 Kxg7 12. exf5 Bxf5 13. h3 d5 14. b3 a6 15. g4
Bc8 16. Kg2 b6 17. Rae1 Bb7 18. Ng5 Qd6 19. cxd5 Nxd5 20. Nxd5 Nd4 21. Bd1
Bxd5+ 22. f3 Rf4 23. Qe3 Re8 24. h4 Rxg4+ 25. Kh3 Rxh4+ 26. Kxh4 Nf5+ 27. Kh3
Nxe3 28. Rxe3 h6 29. Ne4 Bxe4 30. dxe4 Qd2 31. Re2 Qf4 32. Rg2 h5 33. Rfg1 Re6
34. Rg5 Kh6 35. R5g3 Rf6 36. Be2 b5 37. a4 b4 38. Bc4 g5 39. Rf1 h4 40. Rg4 Qe3
41. Kg2 h3+ 42. Kg3 h2 43. Kxh2 Rxf3 44. Rxf3 Qxf3 45. Be6 Kh5 46. Rg3 Qf4 47.
Kg2 Qxe4+ 48. Kf2 Qd4+ 49. Ke2 Kg6 50. Bc4 a5 51. Rd3 Qg4+ 52. Kf2 Qf4+ 53. Ke2
e4 54. Re3 g4 0-1

[Event "C.to Provinciale TO"]
[Site "Torino ITA"]
[Date "2010.02.23"]
[Round "3"]
[White "Moncelli, Giorgio"]
[Black "Sorcinelli, Francesco"]
[Result "1/2-1/2"]
[WhiteElo "2088"]
[BlackElo "2161"]
[PlyCount "23"]
[EventDate "2010.02.09"]

1. e4 c5 2. Nf3 d6 3. d4 cxd4 4. Nxd4 Nf6 5. Nc3 a6 6. Be2 g6 7. O-O Bg7 8. Kh1
O-O 9. Nb3 Nbd7 10. f4 b5 11. Bf3 Bb7 12. a3 1/2-1/2

[Event "C.to Provinciale TO"]
[Site "Torino ITA"]
[Date "2010.02.23"]
[Round "3"]
[White "Monno, Luigi"]
[Black "Listello, Massimiliano"]
[Result "0-1"]
[WhiteElo "1466"]
[BlackElo "1488"]
[PlyCount "80"]
[EventDate "2010.02.09"]

1. d4 Nf6 2. Nc3 e6 3. a3 d5 4. Bf4 c5 5. Nb5 Qa5+ 6. Nc3 cxd4 7. Qxd4 Nc6 8.
Qd3 d4 9. Bd2 dxc3 10. Bxc3 Qc7 11. Nf3 h6 12. e4 Be7 13. Be2 O-O 14. O-O Rd8
15. Qe3 Ng4 16. Qc1 Bg5 17. Qe1 Bf6 18. h3 Nge5 19. Bxe5 Nxe5 20. c3 b6 21. Bd1
Ba6 22. Be2 Nxf3+ 23. Bxf3 Rac8 24. Be2 Bxe2 25. Qxe2 Qc4 26. Qc2 Rd7 27. Rae1
Rcd8 28. e5 Be7 29. Re4 Qd3 30. Qxd3 Rxd3 31. Ree1 Rd2 32. Rb1 R8d5 33. f4 Bc5+
34. Kh2 Re2 35. b4 Rdd2 36. h4 Rxg2+ 37. Kh3 Be7 38. h5 Rge2 39. Kg4 Rd3 40.
Rbc1 Rg2# 0-1

[Event "C.to Provinciale TO"]
[Site "Torino ITA"]
[Date "2010.02.23"]
[Round "3"]
[White "Paoli, Mario"]
[Black "Leoni, Alessandro"]
[Result "0-1"]
[WhiteElo "1746"]
[BlackElo "1871"]
[PlyCount "86"]
[EventDate "2010.02.09"]

1. d4 Nf6 2. Nf3 g6 3. b3 Bg7 4. Bb2 d5 5. e3 O-O 6. Bd3 c5 7. c4 Nc6 8. O-O
cxd4 9. cxd5 Nxd5 10. Nxd4 Nxd4 11. Bxd4 e5 12. Bb2 Nb4 13. Be4 Qb6 14. a3 Rd8
15. Qe2 Nc6 16. b4 Be6 17. Nc3 f5 18. Na4 Qc7 19. Nc5 Bf7 20. Bxc6 Qxc6 21.
Rac1 b6 22. Nd3 Qb5 23. Rfd1 Bc4 24. Rc3 e4 25. Rxc4 Qxc4 26. Bxg7 Kxg7 27.
Qb2+ Kg8 28. Rc1 Qxd3 29. g3 Qd7 30. Qb3+ Qf7 31. Qb2 Rac8 32. Rxc8 Rxc8 33.
Qd4 Qb3 34. Qd7 Rc1+ 35. Kg2 Qf7 36. Qd8+ Kg7 37. Qd4+ Kh6 38. Qd8 Rc7 39. h3
Rd7 40. Qb8 Kg7 41. h4 Rc7 42. Qd8 Qd7 43. Qb8 Qc8 0-1

[Event "C.to Provinciale TO"]
[Site "Torino ITA"]
[Date "2010.02.23"]
[Round "3"]
[White "Paonessa, Denis"]
[Black "Coqueraut, Jean Dominique"]
[Result "1-0"]
[WhiteElo "1908"]
[BlackElo "1815"]
[PlyCount "69"]
[EventDate "2010.02.09"]

1. d4 d5 2. c4 c6 3. Nf3 Nf6 4. Nc3 e6 5. Bg5 Be7 6. e3 Nbd7 7. Rc1 O-O 8. Bd3
b6 9. O-O Bb7 10. cxd5 exd5 11. Bxf6 Nxf6 12. Ne5 c5 13. dxc5 Bxc5 14. Nf3 Re8
15. Qa4 a5 16. Rfd1 Rc8 17. Ne2 Re7 18. Qh4 Rec7 19. Bf5 Rb8 20. Ng5 g6 21. Bd3
Be7 22. Rxc7 Qxc7 23. Rc1 Qd8 24. Nd4 Kg7 25. Nde6+ fxe6 26. Nxe6+ Kf7 27.
Nxd8+ Rxd8 28. Rc7 Bc8 29. Bb5 Be6 30. Qd4 Rd6 31. b4 axb4 32. Qxb4 Rd7 33.
Rxd7 Nxd7 34. Qa4 Nc5 35. Qf4+ 1-0

[Event "C.to Provinciale TO"]
[Site "Torino ITA"]
[Date "2010.02.23"]
[Round "3"]
[White "Quirico, Paolo"]
[Black "Liviabella, Lucio"]
[Result "1-0"]
[WhiteElo "2167"]
[BlackElo "1716"]
[PlyCount "110"]
[EventDate "2010.02.09"]

1. d4 Nf6 2. Nc3 g6 3. e4 e6 4. f4 d6 5. Nf3 Bg7 6. Bd3 O-O 7. O-O d5 8. e5
Nfd7 9. Ne2 c5 10. c3 cxd4 11. cxd4 Nc6 12. g4 f6 13. Kh1 f5 14. gxf5 exf5 15.
Rg1 Re8 16. Qf1 Nf8 17. Bd2 Ne6 18. Qg2 Rf8 19. Qf2 Bd7 20. Rg2 Be8 21. Rag1 a6
22. Ng5 Nxg5 23. Rxg5 b5 24. Qg2 Ra7 25. Be3 Rc7 26. Nc3 Nb4 27. Bb1 Rd7 28.
Bf2 Nc6 29. e6 Rd6 30. Rxf5 Rxe6 31. Rxf8+ Kxf8 32. f5 Rd6 33. Bg3 Rd7 34. Rf1
Kg8 35. fxg6 hxg6 36. Qh3 Nxd4 37. Qg4 Qb6 38. Re1 Qd8 39. Bh4 Qc8 40. Bxg6
Bxg6 41. Qxg6 Rf7 42. Nxd5 Qb7 43. Qg2 Qd7 44. Nf6+ Rxf6 45. Bxf6 Qc6 46. Qxc6
Nxc6 47. Rg1 Kf7 48. Bxg7 Nb4 49. a3 Nd3 50. Bc3 Nf2+ 51. Kg2 Ng4 52. h3 Ne3+
53. Kf3 Nf5 54. Rg4 Ke6 55. Rg6+ Kf7 1-0

[Event "C.to Provinciale TO"]
[Site "Torino ITA"]
[Date "2010.02.23"]
[Round "3"]
[White "Ranieri, Fabrizio"]
[Black "Razzano, Lorenzo"]
[Result "1-0"]
[WhiteElo "2285"]
[BlackElo "1956"]
[PlyCount "43"]
[EventDate "2010.02.09"]

1. e4 e5 2. Nf3 Nc6 3. Bb5 a6 4. Bxc6 dxc6 5. O-O Qf6 6. d3 Ne7 7. Bg5 Qd6 8.
Nbd2 Be6 9. Be3 f6 10. d4 Ng6 11. dxe5 Nxe5 12. Nxe5 fxe5 13. Qe2 Bd7 14. Nc4
Qe6 15. Qh5+ g6 16. Qxe5 Rg8 17. Rad1 O-O-O 18. Qxe6 Bxe6 19. Rxd8+ Kxd8 20.
Rd1+ Ke8 21. Na5 Bc8 22. Bf4 1-0

[Event "C.to Provinciale TO"]
[Site "Torino ITA"]
[Date "2010.03.02"]
[Round "4"]
[White "Angioni, Gian Carlo"]
[Black "Paonessa, Denis"]
[Result "0-1"]
[WhiteElo "1841"]
[BlackElo "1908"]
[PlyCount "62"]
[EventDate "2010.02.09"]

1. e4 e5 2. Nf3 f5 3. Nc3 Nc6 4. Bb5 fxe4 5. Nxe4 Nf6 6. Qe2 d6 7. O-O Bd7 8.
d4 Be7 9. dxe5 Nxe5 10. Nxe5 dxe5 11. Rd1 c6 12. Bc4 Qc7 13. Ng5 Rf8 14. Ne6
Bxe6 15. Bxe6 Bd6 16. Be3 e4 17. g3 Ke7 18. Bh3 h6 19. Qc4 Rfd8 20. Qe6+ Kf8
21. Bxh6 Rd7 22. Bg5 Re8 23. Qf5 Re5 24. Qg6 Rf7 25. Bf4 Rd5 26. Be6 Bxf4 27.
Bxf7 Rg5 28. Qxg5 Bxg5 29. Bb3 e3 30. f4 e2 31. Rd2 Qb6+ 0-1

[Event "C.to Provinciale TO"]
[Site "Torino ITA"]
[Date "2010.03.02"]
[Round "4"]
[White "Avetta, Roberto"]
[Black "Levi, Aldo"]
[Result "1-0"]
[WhiteElo "1711"]
[BlackElo "1344"]
[PlyCount "29"]
[EventDate "2010.02.09"]

1. e4 e5 2. Nf3 Nc6 3. d4 exd4 4. Nxd4 Nxd4 5. Qxd4 c5 6. Qd1 d6 7. Bc4 a6 8.
Nc3 Nf6 9. Bg5 h6 10. Bh4 Bg4 11. f3 Bh5 12. Nd5 Be7 13. O-O Nxe4 14. Bxe7 Qd7
15. Qe1 1-0

[Event "C.to Provinciale TO"]
[Site "Torino ITA"]
[Date "2010.03.02"]
[Round "4"]
[White "Boetto, Massimo"]
[Black "Di Chiara, Mauro"]
[Result "1/2-1/2"]
[WhiteElo "2010"]
[BlackElo "1870"]
[PlyCount "112"]
[EventDate "2010.02.09"]

1. e4 d6 2. d4 Nf6 3. Nc3 g6 4. f4 Bg7 5. Nf3 O-O 6. Bd3 Na6 7. O-O c5 8. d5
Nc7 9. a4 e6 10. dxe6 fxe6 11. Kh1 Nh5 12. Ng5 h6 13. Nh3 Qh4 14. Be2 e5 15. f5
Ne8 16. Be3 Qe7 17. Bxh5 gxh5 18. Qxh5 Nf6 19. Qg6 Qf7 20. Qxf7+ Kxf7 21. Rad1
Ke7 22. Nd5+ Nxd5 23. Rxd5 b6 24. Rfd1 Rd8 25. Nf2 Bb7 26. R5d2 Rd7 27. c4 Bc6
28. b3 a6 29. Ra2 Rdd8 30. Kg1 b5 31. axb5 axb5 32. Rda1 Rxa2 33. Rxa2 bxc4 34.
bxc4 Ra8 35. Rxa8 Bxa8 36. Kf1 Bc6 37. Ke2 h5 38. g3 Kf7 39. h3 Kg8 40. g4 hxg4
41. hxg4 Be8 42. g5 Bf7 43. Kd3 Bh5 44. Nh1 Kf7 45. Ng3 Bg4 46. Bd2 Bf8 47. Nf1
Be7 48. Ne3 Bh3 49. Nd5 Bf1+ 50. Kc3 Bd8 51. Ne3 Be2 52. g6+ Kg7 53. Kc2 Bg5
54. Nf1 Bxf1 55. Bxg5 Bxc4 56. Be7 d5 1/2-1/2

[Event "C.to Provinciale TO"]
[Site "Torino ITA"]
[Date "2010.03.02"]
[Round "4"]
[White "Cagno, Alberto"]
[Black "Monno, Luigi"]
[Result "0-1"]
[WhiteElo "1431"]
[BlackElo "1466"]
[PlyCount "76"]
[EventDate "2010.02.09"]

1. d4 d5 2. e3 Bf5 3. Bd3 Bxd3 4. Qxd3 e6 5. f4 g6 6. Qb5+ Nd7 7. Nf3 Qc8 8.
O-O c6 9. Qe2 Bg7 10. b3 Ne7 11. Ba3 Bf6 12. Ne5 Qc7 13. Nd2 b5 14. e4 a5 15.
Nxd7 Qxd7 16. e5 Bg7 17. Bc5 O-O 18. Rf3 Rfe8 19. Rh3 Nf5 20. g4 Nh6 21. Qg2
Qd8 22. Nf3 f6 23. g5 fxg5 24. fxg5 Nf5 25. Rf1 Ne3 26. Qg3 Nxf1 27. Kxf1 Qd7
28. Qh4 Bf8 29. Bxf8 Rxf8 30. Kg2 Rf7 31. Qh6 Raf8 32. Rg3 Rf4 33. h4 Qf7 34.
h5 Rxf3 35. hxg6 Rf2+ 36. Kg1 Rf1+ 37. Kh2 Qf2+ 38. Rg2 Qf4+ 0-1

[Event "C.to Provinciale TO"]
[Site "Torino ITA"]
[Date "2010.03.02"]
[Round "4"]
[White "Cavezzana, Davide"]
[Black "Calderone, Luigi"]
[Result "1/2-1/2"]
[WhiteElo "1768"]
[BlackElo "1700"]
[PlyCount "91"]
[EventDate "2010.02.09"]

1. e4 e5 2. Nf3 Nc6 3. d4 exd4 4. Nxd4 Bc5 5. Be3 Nxd4 6. Bxd4 Bxd4 7. Qxd4 Nf6
8. e5 Qe7 9. Be2 Ng8 10. Nc3 c6 11. Ne4 Nh6 12. Nd6+ Kf8 13. h4 f6 14. f4 Nf7
15. O-O b6 16. Rad1 c5 17. Qd5 Rb8 18. Nxc8 Rxc8 19. Qxd7 Rd8 20. Qxe7+ Kxe7
21. exf6+ Kxf6 22. g4 g6 23. Bd3 h6 24. f5 g5 25. h5 Rd4 26. Be2 Rhd8 27. Rxd4
Rxd4 28. Rd1 Re4 29. Bf3 Rf4 30. Be2 Ne5 31. Rd6+ Kg7 32. Kg2 Nxg4 33. Rg6+ Kf7
34. Bxg4 Rxg4+ 35. Kf3 Rf4+ 36. Kg2 Rxf5 37. Rxh6 Kg7 38. Rg6+ Kh7 39. Re6 Rf7
40. Kg3 Rf4 41. Re7+ Kh6 42. Rxa7 Kxh5 43. Rh7+ Kg6 44. Rd7 Kh5 45. Rh7+ Kg6
46. Rd7 1/2-1/2

[Event "C.to Provinciale TO"]
[Site "Torino ITA"]
[Date "2010.03.02"]
[Round "4"]
[White "Coqueraut, Jean Dominique"]
[Black "Blundo, Michele"]
[Result "0-1"]
[WhiteElo "1815"]
[BlackElo "1763"]
[PlyCount "78"]
[EventDate "2010.02.09"]

1. d4 Nf6 2. c4 d5 3. Nc3 e6 4. Nf3 Nbd7 5. Bg5 Be7 6. e3 O-O 7. Rc1 a6 8. Bd3
dxc4 9. Bxc4 b5 10. Bd3 Bb7 11. O-O Rc8 12. Qe2 c5 13. a3 Re8 14. e4 cxd4 15.
Nxd4 Qb6 16. Be3 Bc5 17. Nc2 Bxe3 18. Nxe3 Ne5 19. Bb1 Red8 20. Rfd1 h5 21. h3
Ng6 22. g3 Ne5 23. Kg2 b4 24. axb4 Qxb4 25. f3 Qe7 26. Na4 Rxc1 27. Rxc1 Rd4
28. Nc4 Qb4 29. b3 Nxc4 30. Rxc4 Rxc4 31. Qxc4 Qd2+ 32. Kg1 Qe1+ 33. Qf1 Qe3+
34. Kh1 h4 35. Bc2 Nh5 36. Kg2 Qd2+ 37. Qf2 Nf4+ 38. Kf1 Qc1+ 39. Qe1 Qxc2 0-1

[Event "C.to Provinciale TO"]
[Site "Torino ITA"]
[Date "2010.03.02"]
[Round "4"]
[White "Fassio, Francesco"]
[Black "Moncelli, Giorgio"]
[Result "0-1"]
[WhiteElo "1646"]
[BlackElo "2088"]
[PlyCount "92"]
[EventDate "2010.02.09"]

1. c4 Nf6 2. Nc3 g6 3. g3 Bg7 4. Bg2 O-O 5. e3 d6 6. d4 Nbd7 7. Nge2 e5 8. O-O
Re8 9. b3 Nf8 10. d5 e4 11. Rb1 h5 12. h3 N8h7 13. Bb2 Ng5 14. Nf4 Bf5 15. Rc1
Qd7 16. Kh2 Qe7 17. Ba1 Kh7 18. Nce2 Kg8 19. Nd4 Bc8 20. Rh1 Nd7 21. h4 Nh7 22.
Nxh5 Be5 23. Nf4 Ndf6 24. Bh3 Bxh3 25. Nxh3 Kg7 26. Kg2 Qd7 27. Ne2 Bxa1 28.
Rxa1 Ng4 29. Nhf4 Nhf6 30. Qd4 Ne5 31. h5 g5 32. h6+ Kh8 33. Nh3 Qg4 34. Nhg1
Kh7 35. Nc3 Kg6 36. Qd1 Qf5 37. Nb5 Re7 38. Nd4 Qd7 39. h7 Rh8 40. Nge2 Ree8
41. Nc3 Rxh7 42. Rxh7 Kxh7 43. Qh1+ Kg7 44. Qh3 g4 45. Qh4 Ng6 46. Qg5 Re5 0-1

[Event "C.to Provinciale TO"]
[Site "Torino ITA"]
[Date "2010.03.02"]
[Round "4"]
[White "Leoni, Alessandro"]
[Black "Quirico, Paolo"]
[Result "0-1"]
[WhiteElo "1871"]
[BlackElo "2167"]
[PlyCount "70"]
[EventDate "2010.02.09"]

1. e4 e6 2. d4 d5 3. Nc3 Bb4 4. e5 c5 5. Bd2 Ne7 6. Nb5 Bxd2+ 7. Qxd2 O-O 8.
dxc5 Nd7 9. Qc3 Nc6 10. f4 f6 11. Nf3 fxe5 12. fxe5 Ndxe5 13. O-O-O Nxf3 14.
gxf3 Qf6 15. Qxf6 Rxf6 16. Nc7 Rb8 17. Bh3 e5 18. Bg2 d4 19. Rhe1 Bf5 20. Nd5
Rh6 21. f4 exf4 22. Ne7+ Nxe7 23. Rxe7 Rxh2 24. Bd5+ Kh8 25. Rxd4 Rxc2+ 26. Kd1
Rxc5 27. Bxb7 Rb5 28. Be4 Bg4+ 29. Ke1 Rxb2 30. Rxa7 f3 31. Rf7 Rxa2 32. Bxf3
Rb1+ 33. Rd1 Rxd1+ 34. Kxd1 Bxf3+ 35. Rxf3 Ra8 0-1

[Event "C.to Provinciale TO"]
[Site "Torino ITA"]
[Date "2010.03.02"]
[Round "4"]
[White "Liviabella, Lucio"]
[Black "Collaro, Carlo"]
[Result "1-0"]
[WhiteElo "1716"]
[BlackElo "1401"]
[PlyCount "33"]
[EventDate "2010.02.09"]

1. e4 d5 2. exd5 Qxd5 3. Nc3 Qa5 4. d4 Nf6 5. Bd2 c6 6. Nf3 Bg4 7. Rb1 Qc7 8.
h3 Bxf3 9. Qxf3 e6 10. a3 Bd6 11. Bg5 Nbd7 12. Bd3 h6 13. Be3 O-O-O 14. O-O g5
15. d5 exd5 16. Bxa7 b6 17. Ba6+ 1-0

[Event "C.to Provinciale TO"]
[Site "Torino ITA"]
[Date "2010.03.02"]
[Round "4"]
[White "Razzano, Lorenzo"]
[Black "Blanc, Pierre"]
[Result "0-1"]
[WhiteElo "1956"]
[BlackElo "1928"]
[PlyCount "98"]
[EventDate "2010.02.09"]

1. g3 f5 2. Bg2 Nf6 3. d3 g6 4. e4 fxe4 5. dxe4 d6 6. Ne2 Nc6 7. Nbc3 Bg7 8.
O-O O-O 9. Nf4 e5 10. Nfd5 Be6 11. Nxf6+ Qxf6 12. Nd5 Qf7 13. c3 Qd7 14. Be3
Ne7 15. c4 Nc6 16. Rc1 Nd4 17. Bxd4 exd4 18. Nf4 c5 19. b3 Bf7 20. Nd3 Rae8 21.
f4 Be6 22. e5 b6 23. Re1 dxe5 24. Nxe5 Bxe5 25. Rxe5 Bf7 26. Rxe8 Rxe8 27. Qd2
Qe7 28. Kf2 Qe3+ 29. Qxe3 Rxe3 30. Re1 Rxe1 31. Kxe1 Be6 32. Kd2 Kf8 33. a3 b5
34. cxb5 Bxb3 35. Kd3 Ke7 36. g4 Kd6 37. h4 Ba4 38. Kc4 Bd1 39. g5 Be2+ 40. Kb3
Bxb5 41. Be4 Be8 42. h5 Bf7+ 43. Kc2 c4 44. Kd2 Ke7 45. Ke2 Kf8 46. Kf3 Kg8 47.
h6 c3 48. Bd3 Be6 49. Ke2 Bg4+ 0-1

[Event "C.to Provinciale TO"]
[Site "Torino ITA"]
[Date "2010.03.02"]
[Round "4"]
[White "Riccardi, Mauro"]
[Black "Manni, Stefano"]
[Result "1-0"]
[WhiteElo "1818"]
[BlackElo "1962"]
[PlyCount "79"]
[EventDate "2010.02.09"]

1. d4 d5 2. c4 c6 3. Nf3 Nf6 4. Nc3 dxc4 5. a4 Bf5 6. e3 e6 7. Bxc4 Bb4 8. O-O
O-O 9. Qe2 Bg4 10. Bd3 c5 11. Ne4 Nc6 12. Nxc5 Bxc5 13. dxc5 Ne5 14. Rd1 Qc7
15. b4 Qc6 16. e4 Nxd3 17. Rxd3 Qxe4 18. Qxe4 Nxe4 19. Rd4 Bxf3 20. gxf3 Nc3
21. Kf1 Rfd8 22. Be3 e5 23. Rd6 Nd5 24. Rd1 Rxd6 25. cxd6 Nxe3+ 26. fxe3 Rd8
27. Rc1 g5 28. Rc7 b6 29. d7 Kf8 30. Rxa7 Ke7 31. Rb7 Rxd7 32. Rxb6 Rd3 33. Ke2
Ra3 34. a5 Ra2+ 35. Kd3 Rxh2 36. a6 Ra2 37. Rb7+ Kf6 38. a7 h5 39. b5 h4 40.
Rb6+ 1-0